| 000 | 00995nam a22002777a 4500 | ||
|---|---|---|---|
| 999 |
_c21543 _d21543 |
||
| 003 | AR-CdUCM | ||
| 008 | 190311b ||||| |||| 00| 0 spa d | ||
| 020 | _a9786123170653 | ||
| 040 |
_aMUNICIPALIDAD PROVINCIAL DEL CUSCO _cBIBLIOTECA MUNICIPAL DEL CUSCO |
||
| 082 |
_a306.449/Q21 _bQ21 |
||
| 245 |
_aQichwasimirayku : _bbatallas por el quechua / _cVirginia Zavala, Luis Mujica, Gavina Córdova ... [et al.]. |
||
| 260 |
_aLima : _bPontificia Universidad Católica del Perú, _c2014. |
||
| 300 |
_a225 páginas. : _c21 cm. |
||
| 500 | _zBibliografía: p. [211]-225. | ||
| 650 |
_aLengua quechua _945301 |
||
| 650 |
_aIdentidad cultural _92943 |
||
| 650 |
_aEducación multicultural _97894 |
||
| 650 |
_aApurímac _91025 |
||
| 650 |
_aPerú _945302 |
||
| 700 |
_aZavala, Virginia _945303 |
||
| 700 |
_aMujica Bermúdez, Luis _945304 |
||
| 700 |
_aCórdova Cusihuamán, Gavina _945305 |
||
| 710 |
_aPontificia Universidad Católica del Perú _9400 |
||
| 942 |
_2ddc _cLIBROS |
||
| 945 | _aRoel | ||